Game of Thrones - Statistics

General Stats
  • This quiz has been taken 1,387 times
    1,334 since last reset
  • The average score is 10 of 23
Answer Stats
Hint Answer % Correct
Here Me Roar Lannister
100%
Winter is Coming Stark
100%
Family, Duty, Honour Tully
96%
We Do Not Sow Greyjoy
94%
Growing Strong Tyrell
93%
Ours is the Fury Baratheon
92%
Unbowed, Unbent, Unbroken Martell
89%
Fire & Blood Targaryen
87%
As High As Honour Arryn
81%
Our Blades are Sharp Bolton
74%
We Light The Way Hightower
21%
We Guard The Way Yronwood
8%
Awake! Awake! Swyft
7%
Our Roots Go Deep Oakheart
6%
Though All Men Do Despise Us Codd
4%
None So Fierce Crakehall
4%
Proud & Free Tallhart
4%
No Foe May Pass Allyrion
3%
Let Me Soar Fowler
3%
From These Beginnings Smallwood
3%
Pride & Purpose Buckwell
2%
Ever Vigilant Flint of Widow's Watch
2%
A Taste of Glory Fossoway of Cider Hall
1%
No matching quizzes found
Score Distribution
Percent of People with Each Score
Percentile by Number Answered
Your Score History
You have not taken this quiz since the last reset